000 00600nam a22002057a 4500
005 20260428143407.0
008 260428b |||||||| |||| 00| 0 eng d
037 _cTB
040 _aCRL
_cCRL
041 _2eng
_aeng
084 _aV2:912.N62 K5
_qCRL
245 _aIndian Voting Behaviour:
_bStudies of the 1962 General elections
260 _aCulcutta, India:
_bFirma K.L. Mukhopadhyay,
_c1965.
300 _a217p.
650 _aIndia-History
700 _aWeiner, Myron
_eEd.
700 _aKothari, Rajni
_eEd.
942 _2CC
_cTB
_hV2:912.N62 K5
_n0
999 _c1848600
_d1848600